000 00467nam a2200169Ia 4500
008 090711s9999 xx 000 0 und d
082 _b65678
100 _aमुजावर बशीर सा.
245 _aवर्तुळ
260 _c1985
300 _a128
600 _aमुजावर बशीर सा.
630 _aवर्तुळ
700 _aमुजावर बशीर सा.
730 _aवर्तुळ
942 _cBOOK
999 _c310730
_d310730